Anales del Instituto Psicotécnico de Barcelona
Descripción Física:
v. ; 25 cm
MARC
| LEADER | 00000nam a2200000Ia 4500 | ||
|---|---|---|---|
| 001 | 17199 | ||
| 008 | 160829s1939 - 1948 xx 000 0 cat d | ||
| 080 | |a C-2-412 | ||
| 245 | |a Anales del Instituto Psicotécnico de Barcelona | ||
| 260 | |a Barcelona : |b Instituto Psicotécnico de Barcelona, |c 1939 - 1948 | ||
| 300 | |a v. ; |c 25 cm | ||
| 590 | |a Descripció a partir de 1945 | ||
| 610 | 2 | 0 | |a Institut Psicotècnic de Barcelona |v Revistes |9 54581 |
| 650 | |a Psicologia |x Revistes |9 30093 | ||
| 710 | 2 | |9 54312 |a Institut Psicotècnic de Barcelona | |
| 866 | |a 1945 | ||
| 901 | |a Arxiu | ||
| 942 | |n 1 |2 udc | ||
| 952 | |0 0 |1 0 |4 0 |6 C2412 |7 1 |9 45261 |a Arxiu |b Arxiu |d 2016-12-01 |l 0 |o C-2-412 |p 17199 |r 2016-12-01 00:00:00 |w 2016-12-01 |y ARXIU | ||
| 999 | |c 48335 |d 48335 | ||